Budgeting for performance : (Record no. 2009)

000 -LEADER
fixed length control field nam a22 a 4500
003 - CONTROL NUMBER IDENTIFIER
control field 352.409595
005 - DATE AND TIME OF LATEST TRANSACTION
control field 20170512162656.0
008 - FIXED-LENGTH DATA ELEMENTS--GENERAL INFORMATION
fixed length control field 170512s2001 my 00 eng d
020 ## - INTERNATIONAL STANDARD BOOK NUMBER
International Standard Book Number 9679933792 (pbk.):
Terms of availability RM45.00
040 ## - CATALOGING SOURCE
Original cataloging agency AKMAL
082 04 - DEWEY DECIMAL CLASSIFICATION NUMBER
Classification number 352.48 XAV
090 00 - LOCALLY ASSIGNED LC-TYPE CALL NUMBER (OCLC); LOCAL CALL NUMBER (RLIN)
Classification number (OCLC) (R) ; Classification number, CALL (RLIN) (NR) 352.48
Local cutter number (OCLC) ; Book number/undivided call number, CALL (RLIN) XAV
100 1# - MAIN ENTRY--PERSONAL NAME
Personal name Xavier, John Anthony
9 (RLIN) 4165
245 10 - TITLE STATEMENT
Title Budgeting for performance :
Remainder of title principles and pratice /
Statement of responsibility, etc. John Antony Xavier
260 ## - PUBLICATION, DISTRIBUTION, ETC.
Place of publication, distribution, etc. Kuala Lumpur :
Name of publisher, distributor, etc. Institut Tadbiran Awam Negara ,
Date of publication, distribution, etc. 2001
300 00 - PHYSICAL DESCRIPTION
Extent xxxiv, 379p. :
Other physical details ill. ;
Dimensions 23cm
500 ## - GENERAL NOTE
General note Includes index
650 #0 - SUBJECT ADDED ENTRY--TOPICAL TERM
Topical term or geographic name entry element Program budgeting
9 (RLIN) 4166
650 #0 - SUBJECT ADDED ENTRY--TOPICAL TERM
Topical term or geographic name entry element Budget
9 (RLIN) 4167
942 ## - ADDED ENTRY ELEMENTS (KOHA)
Source of classification or shelving scheme
Koha item type Book
Holdings
Withdrawn status Lost status Source of classification or shelving scheme Damaged status Not for loan Collection code Home library Current library Shelving location Date acquired Inventory number Total Checkouts Full call number Barcode Date last seen Price effective from Koha item type
          NON-FICTION AKMAL Melaka AKMAL Melaka PINJAMAN 12.05.2017 304755   352.48 XAV 201706085 12.05.2017 12.05.2017 Book
Pusat Sumber Maklumat Dato' Haji Sarmin Md Hussin, Akademi Kastam Diraja Malaysia, Melaka
Tel: 06-2331106 | Faks: 06-2313787